Регионална библиотека "Любен Каравелов" - Русе

Paper Cut in China (Запис номер 332670)

MARC детайли
000 -Лидер
Контролно поле с фиксирана дължина nam a22 a 4500
003 - Код на организацията, давaща контролен номер
Контролно поле BLK
005 - Дата и час на последна редакция
Контролно поле 20200429153627.0
008 - Елементи от данни с фиксирана дължина
fixed length control field 190710b bu ||||| |||| 00| 0 bu d
040 ## - Източник на каталожния запис
Идентификатор на билиотеката - собственик на записа BLK
041 ## - Код за език
Код за езика на текст/звукозапис или на отделно заглавие Английски
Код за езика КДБФ Други
080 ## - УДК
Текстов определител УДК Декоративна хартия. Тапети
УДК код - определител по УДК 745.54
УДК определител (510)
УДК - код + определител 745.54(510)
139 ## - Редно поле
Редна дума Paper Cut in China
Авторски знак Pap - P 23
Feature heading П 33
245 ## - Сведения за заглавието
Заглавие Paper Cut in China
Подзаглавни данни The twelve symbol animals
257 ## - Страна на издаване
Страна на създаване/издаване Китай
260 ## - Област на издателските данни
Място на издаване, разпространение и проч. s.l.
Година на издаване s.a.
300 ## - Физическа характеристика
Страници 28 с.
Размери/Мащаб 23 см
380 ## - Жанр
Жанр Изкуство
500 ## - Общи забележки
Забележка Парал. текст на китайски ез.
650 #7 - Допълнително описание по предмет – тема
9 (RLIN) 176365
Основно описание – тема или топоним Хартия - приложно и декоративно изкуство
651 #0 - Допълнително описание по предмет - топоним
9 (RLIN) 242505
Географско понятие Китай
653 #7 - Ключова дума – ненормативна
9 (RLIN) 192941
Ключова дума оригами
999 ## - СИСТЕМНИ КОНТРОЛНИ НОМЕРА
Koha biblionumber 332670
Koha biblioitemnumber 332670
942 ## - АРТИКУЛИ
Източник на класификационната схема Universal Decimal Classification
Вид на библиотечния материал Книги
Скрит в OPAC Не
Периодичен библиозапис Да
999 ## - СИСТЕМНИ КОНТРОЛНИ НОМЕРА
Koha biblioitemnumber 332670
Наличности
Код за отписване Код за изгубен артикул Източник на класификационната схема Код за повреда Коз за рестрикции Код за отдаване Артикулен № Име на библиотеката - собственик Име на библиотеката, в която се намира в момента Статус (Текущо местоположение) Дата на вписване в системата Местоположение - отдел Цена в лева Инвентарен номер Систематично азбучна сигнатура Баркод Цена в евро Служебен тип на артикула
  Не е изгубен Universal Decimal Classification Не е повреден без рестрикции заемане за дома 729869 Регионална библиотека "Любен Каравелов" Русе Регионална библиотека "Любен Каравелов" Русе Отдел Изкуство - подръчен фонд 2019-07-11 Отдел Изкуство - подръчен фонд 25.00 120000833791 745/749/П 33 120000833791 12.78 Книги
Vip Innovations Ltd, Rousse, Bulgaria 2025